50 Ways to Say Goodbye - Train (Lyrics) - Statistics

General Stats
  • This quiz has been taken 33 times
  • The average score is 261 of 379
Answer Stats
Lyrics % Correct
say
100%
to
100%
good
96%
a
92%
(a
92%
I
92%
ways
92%
an
88%
goodbye
88%
me
88%
me,
88%
no
88%
on
88%
You
88%
you,
88%
you
88%
and
83%
And
83%
She
83%
was
83%
at
79%
Fell
79%
her
79%
I'm
79%
one
79%
all
75%
caught
75%
Help
75%
help
75%
in
75%
of
75%
out
75%
the
75%
ask
71%
be
71%
by
71%
died
71%
friends
71%
heart
71%
My
71%
my
71%
not
71%
Not
71%
over
71%
airplane
67%
are
67%
down
67%
goodbyes!
67%
if
67%
is
67%
lies
67%
That
67%
went
67%
where
67%
bought
63%
but
63%
ever
63%
everything
63%
Fried
63%
head
63%
paralyzed
63%
suntan
63%
cool,
58%
getting
58%
gonna
58%
I'll
58%
under
58%
water
58%
You're
58%
you're
58%
Eaten
54%
full
54%
Got
54%
it's
54%
like
54%
night
54%
oversized
54%
purple
54%
quicksand
54%
returned
54%
run
54%
shark
54%
should
54%
That's
54%
were
54%
cement
50%
club
50%
for
50%
high
50%
hot
50%
lion
50%
love
50%
Love,
50%
met
50%
mixer
50%
road
50%
said
50%
super
50%
take
50%
tub
50%
up
50%
desert
46%
Drowned
46%
leave
46%
live
46%
Superman
46%
underwater
46%
want
46%
could
42%
crappy
42%
don't
42%
east-side
42%
leaving
42%
lives
42%
meant
42%
now
42%
own
42%
with
42%
Danced
38%
death
38%
feels
38%
How
38%
mudslide
38%
still
38%
thousand
38%
wanna
38%
dried
33%
minivan
33%
Scion
33%
dying
29%
Kippur?
29%
pride
29%
sting
29%
Yom
29%
yours
29%
yours)
29%
day
25%
find
21%
Some
21%
She'll
17%
think
13%
No matching quizzes found
Score Distribution
Percent of People with Each Score
Percentile by Number Answered
Your Score History
You have not taken this quiz